000 00937nam a2200265Ia 4500
003 OSt
005 20220926005202.0
006 a|||||r|||| 00| 0
007 ta
008 220923b |||||||| |||| 00| 0 eng d
020 _a9789351501411
_c850.00
037 _b111731, 06/02/2018, International Book Distrobutors
_cGeneral Book
040 _aRTL
_cRTL
_beng
041 _2eng
_aeng
082 _aX0gY.2, Q5
100 _aPAUL Samuel
_9242866
245 0 _aParadox of India's North-South divide
_b Lessons from the states and regions
260 _a New Delhi
_bSage Publications
_c2015
300 _axiv,235p
_ccm.
490 _aContributions in Economics and Economic History
650 _aEconomics
700 _a SRIDHAR Kala Seetharam
_9272762
942 _hX0gY.2, Q5
_cGB
_2CC
999 _c613124
_d613124